Modèles Sneakers Collaborations (af1) - Statistiques

Statistiques générales
  • Ce quiz a été pris 104 fois
  • Le résultat moyen est 8 sur 16
Statistiques - réponses
Par images Réponse % Correct
SUPREME
99%
OFF-WHITE
92%
LOUIS VUITTON
82%
TRAVIS SCOTT
79%
TIFFANY & CO
65%
STUSSY
64%
JACQUEMUS
58%
NOCTA
53%
AMBUSH
46%
KITH
40%
A COLD WALL
33%
SWAROVSKI
28%
1017 ALYX 9SM
26%
CLOT
24%
CPFM
20%
ACRONYM
8%
Aucun quiz correspondant
Distribution des résultats
% des personnes avec chaque résultat
Percentile par nombre de réponses
Votre historique - résultats
Vous n’avez pas pris ce quiz